000 00425nam a22001697a 4500
003 MPLRDC
005 20220104113559.0
008 210129b ||||| |||| 00| 0 eng d
082 _a857.621 SJKH v.20 c.3
100 _a海莱恩
245 _a宇宙战士
_c林叔尧译
260 _a
_b星际出版社
_c1981
300 _b
490 _a世界科幻名著
650 _a科幻小说
942 _cBK
_o857.621 SJKH v.20 c.3
999 _c760
_d750